Quali sono le discipline della matematica? - Statistics

Statistiche generali
  • Questo quiz è stato fatto 131 volte
  • Il punteggio medio è 3 su 9
Statistiche sulle risposte
Risposta % Corretto
Geometria
94%
Algebra
88%
Probabilità e Statistica Matematica
40%
Logica Matematica
16%
Analisi matematica
13%
Analisi Numerica
7%
Fisica Matematica
5%
Matematiche complementari
1%
Ricerca Operativa
1%
Nessun quiz corrispondente trovato
Distribuzione punteggi
Percentuale di utenti per punteggio
Percentile per numero di risposta
I tuoi punteggi nel tempo
Non hai fatto questo quiz